000 006200000a22001930004500
020 _a84-8í288-1713-8
041 0 _aENG
082 0 4 _aG 282.092 N9349d
100 1 _aNouwen, Henri J. M. (1932-1996)
245 1 0 _aDiario del último año de vida de Henri Nouwen / Henri J. M. Nouwen ; Monserrat Gutiérrez Carreras, Traductor
260 _aMadrid, España : PPC
300 _a285 Pag
500 _aTitulo original : Sabbatical Journey: The diary of his final year
001 8660
942 _cBK
999 _c38794
_d38794
336 _atexto
_btxt
_2rdacontent
337 _2rdamedia
_asin mediación
_bn
338 _2rdacarrier
_avolumen
_bnc